Movies Quiz

Random Movies or Role Quiz

100 Greatest Movie Characters Quiz Stats

 Plays Quiz Updated Dec 1, 2020

     
Support Sporcle.
Go Orange.
Score 0/100 Timer 15:00
18 Plays Today
Played By Character % Correct
Heath LedgerThe Joker
92.1%
Daniel RadcliffeHarry Potter
89%
Johnny DeppCaptain Jack Sparrow
88.9%
James Earl Jones (voice)Darth Vader
88.7%
Harrison FordIndiana Jones
85.6%
Tom HanksForrest Gump
84.6%
Julie AndrewsMary Poppins
81.9%
Harrison FordHan Solo
80.9%
Johnny DeppEdward Scissorhands
79.3%
Matthew BroderickFerris Bueller
78.8%
Sean ConneryJames Bond
76.7%
Arnold SchwarzeneggerThe Terminator
73.1%
Hugh JackmanWolverine
72.8%
Nick FrostEd
71.4%
Paul NewmanLuke
70.8%
Keanu ReevesNeo
70.6%
Jim CarreyAce Ventura
70.5%
Matt DamonJason Bourne
70.2%
Mark HamillLuke Skywalker
69.8%
Jake GyllenhaalDonnie Darko
69.1%
Ben Burtt (voice)Wall-E
69.1%
Debra Winger (voice)E.T.
68.9%
Sylvester StalloneRocky Balboa
66.9%
Anthony HopkinsDoctor Hannibal Lecter
66.2%
Tim Allen (voice)Buzz Lightyear
66.1%
Elliot PageJuno MacGuff
65.1%
Christopher LeeDracula
64.3%
Jon HederNapoleon Dynamite
63.2%
Carrie FisherPrincess Leia Organa
59.8%
Hugo WeavingV
59.7%
Jeff BridgesThe Dude
59.5%
Sir Ian McKellenGandalf
58.3%
Michael J. FoxMarty McFly
57.6%
Wesley SnipesBlade
56%
Played By Character % Correct
John WayneEthan Edwards
55.7%
Audrey TautouAmelie Poulain
53.4%
Robert Downey Jr.Tony Stark
53.2%
Russell CroweMaximus Decimus Meridius
51.4%
Andy SerkisGollum
50.4%
Will FerrellRon Burgundy
48.9%
Brad PittTyler Durden
48.7%
Frank OzYoda
47.1%
Viggo MortensenAragorn
45.8%
Marlon BrandoVito Corleone
45.6%
Al PacinoMichael Corleone
45.3%
Kathleen Turner (voice)Jessica Rabbit
44.8%
Gregory PeckAtticus Finch
41%
Margaret HamiltonThe Wicked Witch Of The West
41%
Morgan FreemanEllis 'Red' Redding
40.1%
Jodie FosterClarice Starling
38.6%
Bruce WillisJohn McClane
37.7%
Christopher LloydDr. Emmett Brown
36.8%
Hugo WeavingAgent Smith
35.1%
Tobin BellJigsaw
35%
Sigourney WeaverEllen Ripley
34.1%
Uma ThurmanThe Bride
33.7%
Robert EnglundFreddy Krueger
33.3%
Vivien LeighScarlett O'Hara
32.6%
Anthony PerkinsNorman Bates
32.4%
Orson WellesCharles Foster Kane
31.6%
Al PacinoTony Montana
30.1%
Alan RickmanHans Gruber
29.1%
Douglas Rain (voice)HAL-9000
28%
Eddie MurphyAxel Foley
23.6%
Samuel L. JacksonJules Winnfield
22.2%
Clint EastwoodThe Man With No Name
21.6%
Kevin SpaceyKeyser Söze
21.4%
Bill MurrayPeter Venkman
20.9%
Played By Character % Correct
Clint EastwoodHarry Callahan
19.9%
Ben StillerWhite Goodman
19.5%
Kurt RussellSnake Plissken
19.3%
Christian BalePatrick Bateman
18.8%
Steve CarellBrick Tamland
18.6%
Jeremy BullochBoba Fett
18.3%
Humphrey BogartRick Blaine
18.1%
Robert De NiroTravis Bickle
17.3%
Mel GibsonMartin Riggs
16.7%
Jack NicholsonJack Torrance
15.3%
Michael MadsenMr Blonde
15%
James StewartGeorge Bailey
14.8%
Bruce CampbellAsh
13%
Leslie NielsenLt. Frank Drebin
12.8%
John GoodmanWalter Sobchak
11.9%
Robert ShawQuint
11.4%
Richard E. GrantWithnail
11.2%
Jack NicholsonR.P. McMurphy
10.9%
Javier BardemAnton Chigurh
9.4%
Malcolm McDowellAlex DeLarge
9.2%
Mickey RourkeMarv
8.9%
Daniel Day-LewisDaniel Plainview
8.4%
Jeff AndersonRandal Graves
8.2%
Joe PesciTommy Devito
7.1%
Frances McDormandMarge Gunderson
7.1%
John CusackMartin Q. Blank
7%
Nathan FillionMal Reynolds
6.9%
Natalie PortmanMathilda
5.3%
Rutger HauerRoy Batty
3.5%
Dennis HopperFrank Booth
2.5%
Chow Yun-FatTequila
2.4%
Christopher WalkenVincenzo Coccotti
1%

From the Vault

50 Flicks to Click (1973)

by MSUKent

Movies 7m
"You have offended my family, and you have offended the Shaolin Temple."
Remove Ads.
Support Sporcle.
Get the best of Sporcle when you Go Orange. This ad-free experience offers more features, more stats, and more fun while also helping to support Sporcle. Thank you for becoming a member.

Show Comments

Extras

Top Quizzes Today


Score Distribution

Your Account Isn't Verified!

In order to create a playlist on Sporcle, you need to verify the email address you used during registration. Go to your Sporcle Settings to finish the process.

Report this User

Report this user for behavior that violates our Community Guidelines.

Details: